000 00533nam a2200181Ia 4500
005 20250326140530.0
008 250326s9999 xx 000 0 und d
037 _aTextbook
040 _aFMSL
_beng
_cFMSL
041 _aeng
_2eng
084 _aX:51ob(F) N9
_qFMSL
100 _aKahn M N
_9742501
245 0 _aTech. analysis plain & simple:charting the markets in your language
_cKahn M N
260 _aLondon
_bLondon, Prarson
_c1999
300 _a230p
942 _cTB
_hX:51ob(F) N9
999 _c1286189
_d1286189